000 00762cad a22002055a 4500
001 E144667
008 080805e20080320stk f 000 0 eng |
035 _a(Sirsi) u144667
041 0 _aeng
110 2 _aRoyal Institution of Chartered Surveyors
_bScotland
_93082
245 0 0 _aConsultation on draft regulations on the planning hierarchy
_h[electronic resource]
260 _aEdinburgh
_bRICS Scotland
_c2008
300 _a9p.
_c30cm.
490 _aPPU/REPORT
_v(08)3
520 _a20 March 2008. Response to the Scottish Government.
651 4 _aScotland
_y1999-
690 _aPlanning and development
_96259
856 4 1 _zView the response free of charge at www.rics.org...
942 _n0
999 _c108584
_d108584